Photo Ark 1-2-3 : (Record no. 407940)
[ view plain ]
| 000 -LEADER | |
|---|---|
| fixed length control field | 01456pam a2200373 i 4500 |
| 001 - CONTROL NUMBER | |
| control field | zswift b1262757 |
| 003 - CONTROL NUMBER IDENTIFIER | |
| control field | SIRSI |
| 005 - DATE AND TIME OF LATEST TRANSACTION | |
| control field | 20250519174408.0 |
| 008 - FIXED-LENGTH DATA ELEMENTS--GENERAL INFORMATION | |
| fixed length control field | 240508s2025 dcua b 001 0 eng |
| 010 ## - LIBRARY OF CONGRESS CONTROL NUMBER | |
| LC control number | 2024013786 |
| 020 ## - INTERNATIONAL STANDARD BOOK NUMBER | |
| International Standard Book Number | 9781426377235 |
| Qualifying information | (hardback) |
| 020 ## - INTERNATIONAL STANDARD BOOK NUMBER | |
| International Standard Book Number | 9781426377273 (hc) |
| 040 ## - CATALOGING SOURCE | |
| Description conventions | rda |
| 092 ## - LOCALLY ASSIGNED DEWEY CALL NUMBER (OCLC) | |
| Classification number | children nonfiction |
| Item number | Levy |
| 100 1# - MAIN ENTRY--PERSONAL NAME | |
| Personal name | Levy, Debbie, |
| Relator term | author. |
| 9 (RLIN) | 5811610 |
| 245 10 - TITLE STATEMENT | |
| Title | Photo Ark 1-2-3 : |
| Remainder of title | an animal counting book in poetry and pictures / |
| Statement of responsibility, etc | photographs by Joel Sartore, Photo Ark Creator ; poems by Debbie Levy. |
| 246 30 - VARYING FORM OF TITLE | |
| Title proper/short title | Photo Ark one-two-three. |
| 264 #1 - Production, Publication, Distribution, Manufacture, and Copyright Notice. | |
| Place of production, publication, distribution, manufacture | Washington, D.C. : |
| Name of producer, publisher, distributor, manufacturer | National Geographic Kids, |
| Date of production, publication, distribution, manufacture, or copyr | [2025] |
| 300 ## - PHYSICAL DESCRIPTION | |
| Extent | 47 pages : |
| Other physical details | color illustrations ; |
| Dimensions | 29 cm. |
| 336 ## - Content Type | |
| Content type term | text |
| 336 ## - Content Type | |
| Content type term | still image |
| 337 ## - Media type | |
| Media type term | unmediated |
| 338 ## - Carrier type | |
| Carrier type term | volume |
| 500 ## - GENERAL NOTE | |
| General note | Includes index. |
| 520 ## - SUMMARY, ETC. | |
| Summary, etc | "Adorable babies come to life in this unique picture book featuring the stunning Photo Ark photography of National Geographic photographer Joel Sartore and lyrical text of NYT best-selling author Debbie Levy"-- |
| 521 ## - TARGET AUDIENCE NOTE | |
| Target audience note | Ages 4-8 |
| Source | National Geographic Kids. |
| 521 ## - TARGET AUDIENCE NOTE | |
| Target audience note | Grades K-1 |
| Source | National Geographic Kids. |
| 650 #1 - SUBJECT ADDED ENTRY--TOPICAL TERM | |
| Topical term or geographic name as entry element | Counting. |
| 650 #1 - SUBJECT ADDED ENTRY--TOPICAL TERM | |
| Topical term or geographic name as entry element | Wildlife photography. |
| 650 #1 - SUBJECT ADDED ENTRY--TOPICAL TERM | |
| Topical term or geographic name as entry element | Animals. |
| 650 #1 - SUBJECT ADDED ENTRY--TOPICAL TERM | |
| Topical term or geographic name as entry element | Zoo animals. |
| 700 1# - ADDED ENTRY--PERSONAL NAME | |
| Personal name | Sartore, Joel, |
| Relator term | photographer. |
| 9 (RLIN) | 5877166 |
| 942 ## - ADDED ENTRY ELEMENTS (KOHA) | |
| Source of classification or shelving scheme | Dewey Decimal Classification |
| Koha item type | BOOK |
| Withdrawn status | Lost status | Source of classification or shelving scheme | Damaged status | Not for loan | Collection code | Home library | Current library | Shelving location | Date acquired | Source of acquisition | Total Checkouts | Full call number | Barcode | Date last seen | Date checked out | Cost, replacement price | Price effective from | Koha item type |
|---|---|---|---|---|---|---|---|---|---|---|---|---|---|---|---|---|---|---|
| Dewey Decimal Classification | Children NonFiction | Wasatch County Library | Wasatch County Library | Main Floor Childrens Area | 05/19/2025 | Micromarketing | 1 | E Animals Levy | 34301002154799 | 06/20/2025 | 06/13/2025 | 19.99 | 05/19/2025 | BOOK |
